| 000 | 00813cgm a2200217 4500 | ||
|---|---|---|---|
| 005 | 20140721123617.0 | ||
| 007 | vd cgaizm | ||
| 008 | 140721t2012 xx 46 f |||| 0| vleng d | ||
| 020 | _a9781111356446 | ||
| 020 | _a1111356440 | ||
| 082 | 0 | 4 |
_222 _a428.43 _bREA |
| 245 | 0 | 0 |
_aReading explorer 5 _h[videorecording] : _bvideo on DVD : low advanced : 3000-3500 headwords : CEF C1-C2 / _cNational Geographic. |
| 260 |
_a[S. l.] : _bHeinle Cengage Learning, _cc.2012. |
||
| 300 |
_a1 videodisc (46:19 min.) : _bsd., col. ; _c4 3/4 in. |
||
| 650 | 0 |
_913995 _aReading comprehension |
|
| 650 | 0 |
_935962 _aDiscoveries in geography |
|
| 650 | 0 |
_936062 _aEnglish language _vFilms for foreign speakers |
|
| 653 |
_bEEENG _cJuly2014 |
||
| 710 | 2 |
_aNational Geographic Digital Motion (Firm) _936061 |
|
| 942 |
_2ddc _cDVD _k428.43 REA |
||
| 999 |
_c18373 _d18345 |
||